Management in health care : (Record no. 5487)

000 -LEADER
fixed length control field 01239nam a2200313 a 4500
001 - CONTROL NUMBER
control field 010903428
003 - CONTROL NUMBER IDENTIFIER
control field UkOxU
005 - DATE AND TIME OF LATEST TRANSACTION
control field 20220419104806.0
008 - FIXED-LENGTH DATA ELEMENTS--GENERAL INFORMATION
fixed length control field 931220s1994 enk 000 0 eng d
016 ## - NATIONAL BIBLIOGRAPHIC AGENCY CONTROL NUMBER
Record control number 100=NOTNAL
-- 700=NOTNAL
020 ## - INTERNATIONAL STANDARD BOOK NUMBER
International Standard Book Number 0333563859 (hbk)
020 ## - INTERNATIONAL STANDARD BOOK NUMBER
International Standard Book Number 0333563867 (pbk)
040 ## - CATALOGING SOURCE
Original cataloging agency OX/U-1
Transcribing agency ALUPE UNIVERSTY
050 ## - LIBRARY OF CONGRESS CALL NUMBER
Classification number RA971
Item number .E43 1990
092 ## - LOCALLY ASSIGNED DEWEY CALL NUMBER (OCLC)
Classification number D0501366478
100 1# - MAIN ENTRY--PERSONAL NAME
Personal name Elaine La Monica,
Dates associated with a name 1944-
245 10 - TITLE STATEMENT
Title Management in health care :
Remainder of title a theoretical and experiential approach /
Statement of responsibility, etc. Elaine Lynne La Monica ; additional material for the Macmillan adaptation by Philip Ian Morgan
260 ## - PUBLICATION, DISTRIBUTION, ETC.
Place of publication, distribution, etc. Basingstoke :
Name of publisher, distributor, etc. Macmillan,
Date of publication, distribution, etc. c1990
300 ## - PHYSICAL DESCRIPTION
Extent xx, 524 p. :
Other physical details ill. ;
Dimensions 24 cm
500 ## - GENERAL NOTE
General note First published under the title: Management in nursing : an experiential approach that makes theory work for you. New York : Springer, 1990
504 ## - BIBLIOGRAPHY, ETC. NOTE
Bibliography, etc. note Bibliography: p. 505-507
650 #0 - SUBJECT ADDED ENTRY--TOPICAL TERM
Topical term or geographic name entry element Health services administration
700 1# - ADDED ENTRY--PERSONAL NAME
Personal name Morgan, Philip I.
700 1# - ADDED ENTRY--PERSONAL NAME
Personal name Rigolosi, Elaine La Monica,
Dates associated with a name 1944-
Title of a work Management in nursing.
740 0# - ADDED ENTRY--UNCONTROLLED RELATED/ANALYTICAL TITLE
Uncontrolled related/analytical title Management in nursing
942 ## - ADDED ENTRY ELEMENTS (KOHA)
Source of classification or shelving scheme
Koha item type Book
Holdings
Withdrawn status Lost status Source of classification or shelving scheme Damaged status Not for loan Permanent Location Current Location Shelving location Date acquired Source of acquisition Total Checkouts Full call number Barcode Date last seen Price effective from Koha item type Public note Copy number
          AU LIBRARY AU LIBRARY Open Shelf 19.04.2022 DONATION FROM MOI UNIVERSITY   RA971 .E43 1990 28009299 19.04.2022 19.04.2022 Book AB  
          AU LIBRARY AU LIBRARY Open Shelf 13.05.2022 DONATION FROM MOI UNIVERSITY   RA971 .E43 1990 C2 28007958 13.05.2022 13.05.2022 Book JO 2

Powered by Koha